000
00237nam a2200085Ia 4500
245
0
_a
A bitter harvest
100
_a
YELDHAM, Peter Camberwell, Vic, 2009 Rev. ed
_9
70313
942
_c
BK
008
210817s9999 xx 000 0 und d
999
_c
276544
_d
276543